000 01217cam a2200301 i 4500
999 _c2220
_d2220
001 .b15812157
003 OSt
005 20230403093048.0
008 180713r20132003enka j 000 1 eng d
020 _a9780552556132
_q(pbk.) :
035 _a(OCoLC)809214930
_z(OCoLC)966020630
040 _aCNEDM
_beng
_erda
_cCNEDM
_dOCLCO
_dCNKFP
_dOCLCF
_dOCLCQ
_dCNGUL
_dNZCAP
_dOCLCO
_dOCL
_dNZEPN
_dOCLCQ
_dTWWZU
_dKH8
042 _anbic
082 0 _a823.92 WIL
100 1 _aWilson, Jacqueline,
_eauthor.
245 1 0 _aLola Rose /
_cJacqueline Wilson ; illustrated by Nick Sharratt.
264 1 _aLondon :
_bCorgi Books,
_c2013.
264 4 _c©2003.
300 _a322, 16 pages :
_billustrations ;
_c20 cm.
336 _atext
_btxt
_2rdacontent.
337 _aunmediated
_bn
_2rdamedia.
338 _avolume
_bnc
_2rdacarrier.
500 _aOriginally published in Great Britain by Doubleday.
520 _aWhen 12-year-old Jayni, her mum and little brother have to run away from her abusive father, it starts off as a big adventure, but when the money runs out and she falls ill, Jayni's mum has second thoughts.
650 0 _aFamily violence
_vJuvenile fiction.
700 1 _aSharratt, Nick,
_eillustrator.
942 _2ddc
_cNFIC